banner-ar

امبراطورية العرب (Record no. 63268)

MARC details
000 -الفاتح
حقل البيانات ثابتة الطول 01077nam a22002777a 4500
005 - وقت وتاريخ اخر تعامل مع التسجيلة
رقم الضبط 20240530110632.0
008 - عناصر البيانات ثابتة الطول - معلومات عامة
حقل البيانات ثابتة الطول 170711b2014 ua b g 000 0 ara d
017 ## - رقم الايداع القانونى
رقم الايداع القانونى 2011/16127
المصدر ( الهيئة المختصة) مصر . دار الكتب المصرية
020 ## - الرقم الدولى المعيارى للكتب
الرقم الدولى المعيارى للكتاب 9789777047458
040 ## - مصدر الفهرسة
وكالة الفهرسة الأصلية EG-CaGPL
082 04 - رقم تصنيف ديوى العشرى
رقم الطبعة 21
رقم التصنيف 953
رقم المادة ج أ
100 1# - المدخل الرئيسى - إسم شخصى
الإسم الشخصى جلوب ، جون
الدور مؤلف
245 1# - بيان العنوان
العنوان امبراطورية العرب
بيان المسئوليه,etc تأليف جون جلوب ترجمة عادل حامد محمد
250 ## - بيان الطبعة
بيان الطبعة ط 1
260 ## - PUBLICATION, DISTRIBUTION, ETC. (IMPRINT)
تاريخ النشر أو التوزيع 2014 .
300 ## - الوصف المادى
التعداد 548 ص :
أبعاد الوعاء 24 سم
490 ## - بيان السلسلة
عنوان السلسلة المركز القومي للترجمة
رقم المجلد/ التعيين التسلسلي 1899
504 ## - تبصرة ببليوجرافية
تبصرة ببليوجرافية,الخ يشتمل علي ارجاعات بيبلوجرافية
650 0# - المدخل الاضافى بالموضوع-مصطلح موضوعى
مصطلح موضوعي العالم العربي
650 0# - المدخل الاضافى بالموضوع-مصطلح موضوعى
مصطلح موضوعي العالم العربي
التقسيم الفرعي العام تاريخ
650 0# - المدخل الاضافى بالموضوع-مصطلح موضوعى
مصطلح موضوعي التاريخ الاسلامي
650 0# - المدخل الاضافى بالموضوع-مصطلح موضوعى
مصطلح موضوعي العالم العربي
التقسيم الفرعي العام تاريخ
التقسيم الفرعي الزمني العصر الاموي
700 0# - المدخل الاضافى - اسم شخصى
الإسم الشخصى عادل حامد حامد
الدور مترجم
942 ## - عناصر المدخل الإضافي( كوها)
مصدر التصنيف او مخطط الترفيف Dewey Decimal Classification
Koha [default] item type كتاب
260 ## - PUBLICATION, DISTRIBUTION, ETC. (IMPRINT)
-- القاهرة :
-- المركز القومي للترجمة /
Holdings
حالة التراجع حالة الفقد حالة تلف ليس للاعارة المكان المؤقت الموقع الحالى موقع الترفيف تاريخ الاكتساب اجمالي اﻻعارات رقم الطلب الباركود تاريخ اخر مشاهدة تاريخ تفعيل السعر نوع وعاء كوها
        مكتبة القاهرة الكبرى مكتبة القاهرة الكبرى القاعة الرئيسية 07/11/2017   953 ج أ 163242 07/11/2017 07/11/2017 كتاب

Powered By

EGPV